Światło w lesie /
保存先:
| 第一著者: | |
|---|---|
| 団体著者: | |
| その他の著者: | |
| フォーマット: | 図書 |
| 言語: | ポーランド語 英語 |
| 出版事項: |
Warszawa :
"Iskry",
1985.
|
| 版: | Wydanie I. |
| シリーズ: | Seria z Kogutem
|
| 主題: | |
| タグ: |
タグなし, このレコードへの初めてのタグを付けませんか!
|
MARC
| LEADER | 00000nam a2200000 i 4500 | ||
|---|---|---|---|
| 001 | 991008268869705066 | ||
| 005 | 20260515140228.0 | ||
| 008 | 981118s1985 pl |000 f pol | ||
| 020 | |a 8320706424 | ||
| 035 | |a 991008268869705066 | ||
| 035 | |a (PL-WaBN)b12130898-48omnis_nlop | ||
| 035 | |a b12130898 | ||
| 035 | |a (OCoLC)233488038 | ||
| 035 | |a (PL)b0000001213089 | ||
| 035 | |a (EXLNZ-48OMNIS_NETWORK)9910395362505606 | ||
| 040 | |a WA N |c WA N |d KR U |d WA N | ||
| 041 | 1 | |a pol |h eng | |
| 080 | |a 820(73)-3 | ||
| 090 | |c 134 |d 133 | ||
| 100 | 1 | |a Richter, Conrad |d (1890-1968) | |
| 245 | 1 | 0 | |a Światło w lesie / |c Conrad Richter ; przeł. [z ang.] Krystyna Tarnowska. |
| 246 | 1 | |i Tyt. oryg.: |a Light in the forest | |
| 250 | |a Wydanie I. | ||
| 260 | |a Warszawa : |b "Iskry", |c 1985. | ||
| 300 | |a 126, [2] s. ; |c 17 cm. | ||
| 490 | 1 | |a z Kogutem | |
| 500 | |a Tyt. oryg.: "The light in the forest" 1953. | ||
| 500 | |a przeł. z ang. Krystyna Tarnowska. | ||
| 650 | 7 | |a Powieść amerykańska |y 20 w. | |
| 700 | 1 | |a Tarnowska, Krystyna |d (1917-1991) |e Tłumaczenie | |
| 710 | 2 | |a Wydawnictwo Iskry | |
| 830 | 0 | |a Seria z Kogutem | |
| 920 | |a 83-207-0642-4 | ||
| 942 | |c K | ||
| 952 | |0 0 |1 0 |4 0 |6 R__104_000000000000000 |7 0 |9 125 |a RYT |b RYT |d 2026-05-13 |e 1/2014 |g 10.00 |l 0 |o R.104 |p 2000000001043 |r 2026-05-15 14:02:28 |w 2026-05-15 |y BK |z da | ||
| 999 | |c 125 |d 125 | ||